| 000 | 00496cam a22001337a 4500 | ||
|---|---|---|---|
| 008 | 180718b1993 xxu||||| |||| 00| 0 eng d | ||
| 082 | _aBA27x54 D165 | ||
| 100 | _aHaan, Arjan de | ||
| 245 |
_aMigrant labour in Calcutta jute mills: class, instability and control _cby Arjan de Hann |
||
| 260 |
_aDelhi _bOxford _c1993 |
||
| 300 | _ap.186-224 | ||
| 500 | _a[In] Dalit movements and the meanings of labour in India, edited by Peter Robb | ||
| 650 | _aMigratory Labour - India - West Bengal - Calcutta | ||
| 999 |
_c364693 _d364693 |
||